| 000 | 00673nam a2200229Ia 4500 | ||
|---|---|---|---|
| 003 | OSt | ||
| 005 | 20220918180727.0 | ||
| 006 | a|||||r|||| 00| 0 | ||
| 007 | ta | ||
| 008 | 220917b |||||||| |||| 00| 0 eng d | ||
| 024 | _a23,788 | ||
| 037 | _cTextual | ||
| 040 |
_aARTS _cARTS _beng |
||
| 041 |
_2eng _aeng |
||
| 082 | _aO:9:N, G8 | ||
| 100 |
_aReid Margaret J C. _956931 |
||
| 245 | 0 |
_aArthurian legend comparison of treatment in modern and mediaeval literature _b A Study in the literature value of myth and legend |
|
| 260 | _c1938 | ||
| 650 | _aENGLISH LITERATURE | ||
| 942 |
_hO:9:N, G8 _cTEXL _2CC |
||
| 999 |
_c162819 _d162819 |
||